Hitközségi tisztujitás

Správa o výročnej schôdzi židovskej náboženskej obci v Humennom [13.04.1914], kedy prebehli aj voľby predstavenstva. Móric Stern sa opäť stal predsedom, podpredsedom bol zvolený Ferdinand Berkovics.

Podrobná bibliografia
Médium: Článok
Jazyk:Hungarian
Témy:
Zdroj: 1. Felvidéki Hirlap 1. Roč. 7, č. 15 (19.04.1914) s. 2
LEADER 00996nab#a2200313#ar4500
001 000074465
003 SVKKK
005 20041227xxxxxxx.
008 06 c xo huno
FMT
038 |a SVKKK 
040 |a SVKKK  |b slo  |e AACR2 
041 0 |a hun 
044 |a xo  |c SK 
080 |a 296 
242 1 0 |a Voľby v náboženskej obci 
245 0 0 |a Hitközségi tisztujitás 
500 |a mikrofilm 
520 2 |a Správa o výročnej schôdzi židovskej náboženskej obci v Humennom [13.04.1914], kedy prebehli aj voľby predstavenstva. Móric Stern sa opäť stal predsedom, podpredsedom bol zvolený Ferdinand Berkovics. 
650 0 4 |a židovská náboženská obec, Humenné - schôdza výročná - voľby predstavenstva - Humenné - [13.04.1914] - správy 
773 0 |t Felvidéki Hirlap  |g Roč. 7, č. 15 (19.04.1914) s. 2 
957 |a Humenné 
958 |a CI 
958 |a DG 
958 |a SK 
974 |a Ba  |d 20041227 
992 |a RBX 
BAS
998 |a RETRO